Physiology of flowering. V 2. Transition to reproductive growth (Record no. 38149)

MARC details
000 -LEADER
fixed length control field 00559nam a2200217Ia 4500
082 ## - DEWEY DECIMAL CLASSIFICATION NUMBER
Classification number 581.145.1
Item number BER.2
100 ## - MAIN ENTRY--AUTHOR NAME
Personal name BERNIER, Georges
245 #0 - TITLE STATEMENT
Title Physiology of flowering. V 2. Transition to reproductive growth
260 ## - PUBLICATION, DISTRIBUTION, ETC. (IMPRINT)
Place of publication Florida
Name of publisher CRC
650 ## - SUBJECT ADDED ENTRY--TOPICAL TERM
Topical Term Daylength
650 ## - SUBJECT ADDED ENTRY--TOPICAL TERM
Topical Term Flower initiation
650 ## - SUBJECT ADDED ENTRY--TOPICAL TERM
Topical Term Flowering
650 ## - SUBJECT ADDED ENTRY--TOPICAL TERM
Topical Term Induction
650 ## - SUBJECT ADDED ENTRY--TOPICAL TERM
Topical Term Low temperature
650 ## - SUBJECT ADDED ENTRY--TOPICAL TERM
Topical Term Nutrition
650 ## - SUBJECT ADDED ENTRY--TOPICAL TERM
Topical Term Photoperiodism
650 ## - SUBJECT ADDED ENTRY--TOPICAL TERM
Topical Term Physiology
650 ## - SUBJECT ADDED ENTRY--TOPICAL TERM
Topical Term Water stress
942 ## - ADDED ENTRY ELEMENTS (KOHA)
Koha item type Books
Holdings
Withdrawn status Lost status Damaged status Not for loan Home library Current library Date acquired Full call number Accession Number Koha item type
        RRII Library RRII Library 16/12/2021 581.145.1 BER.2 18513 Books